Frodo - Statistics

General Stats
  • This quiz has been taken 16 times
    14 since last reset
  • The average score is 4 of 8
Answer Stats
Hint Answer % Correct
Age 53
100%
Possessed the Ring 18
67%
Parents Drogo Baggins and Primula Brandybuck
67%
Departed to Aman September 29, TA 3021
33%
Destroyed the Ring March 25, TA 3019
33%
Birth September 22, TA 2968
33%
Obtained the Ring September 22, TA 3001
33%
Realm The Shire
33%
No matching quizzes found
Score Distribution
Percent of People with Each Score
Percentile by Number Answered
Your Score History
You have not taken this quiz since the last reset